| 000 | 00911cab a2200229 4500 | ||
|---|---|---|---|
| 001 | X91219 | ||
| 008 | 090401t1998 xxu||||| |||| 00| 0 eng d | ||
| 035 | _a(Sirsi) u85687 | ||
| 041 | _aeng | ||
| 245 | _aBarnet LBC and Patel | ||
| 260 | _c1998 | ||
| 350 | _a0 | ||
| 490 |
_aPlanning Appeal Decisions _v[1998] 13 PAD 140-142(3) |
||
| 520 | _a24 November 1997. Residential - attic and porch extensions - cul-de-sac - Design Guidance Note No.5 - Extension to Houses - supplementary planning guidance - effect on character and appearance of area - no objections to porch - large bulky attic addition - similar addition already next door - obtrusive - precedent. (Head note from journal.) | ||
| 650 | _aBARNET LBC AND PATEL | ||
| 650 | _aEXTENSION | ||
| 650 | _aPLANNING GUIDANCE | ||
| 650 | _aPLANNING PERMISSION | ||
| 690 | _aPLANNING LAW AND PRACTICE-CASE LAW | ||
| 942 | _n0 | ||
| 948 | _c20/04/1998 | ||
| 999 |
_c53897 _d53897 |
||